000 00199nam a2200097Ia 4500
008 240331s9999 xx 000 0 und d
082 _bPRA
100 _aBrammarajan
245 0 _aEsra found
942 _cL
999 _c4603
_d4603